Belarus in the Eurovision Song Contest - Statistics

General Stats
  • This quiz has been taken 18 times
  • The average score is 9 of 16
Answer Stats
Answer % Correct
Like It
94%
Butterflies
71%
Cheesecake
71%
I Love Belarus
71%
Solayoh
71%
Forever
65%
Work Your Magic
65%
Time
59%
Story of My Life
53%
Eyes That Never Lie
47%
Help You Fly
47%
We Are The Heroes
47%
Hasta la vista
41%
Love Me Tonight
41%
Mum
41%
My Galileo
41%
No matching quizzes found
Score Distribution
Percent of People with Each Score
Percentile by Number Answered
Your Score History
You have not taken this quiz